[Event "BL 1314 Hamburger SK - Turm Emsdetten"]
[Site "?"]
[Date "2014.02.22"]
[Round "9.8"]
[White "Lampert, Jonas"]
[Black "Richter, Christian"]
[Result "1-0"]
[WhiteElo "2362"]
[BlackElo "2362"]
[PlyCount "91"]
[EventDate "2014.??.??"]

1. d4 Nf6 2. c4 g6 3. Nc3 Bg7 4. e4 d6 5. Be2 O-O 6. Bg5 Na6 7. Qd2 e5 8. d5 c6
9. h4 Qb6 10. f3 cxd5 11. cxd5 Nc5 12. Be3 Bd7 13. g4 a5 14. h5 a4 15. Nh3 Rfc8
16. Nf2 Qa5 17. Nb1 Qd8 18. Na3 Ne8 19. Nd3 Na6 20. Kf2 Rab8 21. b3 b5 22. Nc2
Nc5 23. Rab1 axb3 24. axb3 Ra8 25. Ncb4 Nxd3+ 26. Bxd3 Qc7 27. Rhc1 Qb7 28.
Rxc8 Qxc8 29. Rc1 Qb7 30. h6 Bf6 31. Nc6 Bd8 32. Qb4 Bb6 33. Qxb5 Bxe3+ 34.
Kxe3 Bxc6 35. Qxc6 Qa7+ 36. Ke2 Rb8 37. b4 Qe7 38. Ra1 Qh4 39. Ra8 Qh2+ 40. Kd1
Qg1+ 41. Kc2 Qf2+ 42. Kb3 Rxa8 43. Qxa8 Kf8 44. Bb5 Qxf3+ 45. Ka4 Qd1+ 46. Ka5
1-0

[Event "BL 1314 Werder Bremen - SF Katernberg"]
[Site "?"]
[Date "2014.02.22"]
[Round "9.1"]
[White "Romanov, Evgeny"]
[Black "Fressinet, Laurent"]
[Result "1/2-1/2"]
[WhiteElo "2653"]
[BlackElo "2709"]
[PlyCount "50"]
[EventDate "2014.??.??"]

1. c4 Nf6 2. Nc3 e5 3. Nf3 Nc6 4. g3 Bb4 5. Bg2 O-O 6. Nd5 Bc5 7. O-O d6 8. e3
a6 9. Nh4 Nxd5 10. cxd5 Ne7 11. f4 exf4 12. b4 Bb6 13. Rxf4 c6 14. dxc6 bxc6
15. Bb2 d5 16. Bf1 Bc7 17. Rf2 Rb8 18. Qc2 Qd6 19. Bd3 Qh6 20. Nf3 a5 21. b5
Bd6 22. Be5 Bxe5 23. Nxe5 cxb5 24. Qc7 Rb7 25. Qxa5 Qd6 1/2-1/2

[Event "BL 1314 Werder Bremen - SF Katernberg"]
[Site "?"]
[Date "2014.02.22"]
[Round "9.3"]
[White "Fier, Alexandr"]
[Black "Efimenko, Zahar"]
[Result "1/2-1/2"]
[WhiteElo "2587"]
[BlackElo "2655"]
[PlyCount "118"]
[EventDate "2014.??.??"]

1. e4 e5 2. Nf3 Nc6 3. Bb5 a6 4. Ba4 d6 5. c3 Bd7 6. O-O g6 7. d4 Bg7 8. Be3
Nf6 9. Nbd2 O-O 10. h3 Re8 11. Bb3 h6 12. Re1 exd4 13. Nxd4 Na5 14. Bc2 c5 15.
N4f3 Be6 16. Bf4 Nc6 17. Nb3 c4 18. Nbd4 d5 19. Nxc6 bxc6 20. exd5 Bxd5 21.
Rxe8+ Qxe8 22. Nd2 Nh5 23. Be3 Qb8 24. Rb1 Nf4 25. Be4 Nd3 26. b3 Bxe4 27. Nxe4
Qe5 28. Nd2 cxb3 29. Rxb3 Qe6 30. Nf3 c5 31. c4 Nb2 32. Qd5 Qxd5 33. cxd5 Rd8
34. Bxc5 Rxd5 35. Rb8+ Kh7 36. Bd4 Bxd4 37. Nxd4 Rxd4 38. Rxb2 Ra4 39. g3 g5
40. g4 Kg6 41. Kg2 f6 42. Re2 h5 43. Kg3 h4+ 44. Kg2 Ra3 45. Kh2 Kf7 46. Kg2 a5
47. Kh2 f5 48. Re5 fxg4 49. Rxg5 gxh3 50. f3 Rxa2+ 51. Kxh3 Ra4 52. f4 Ra1 53.
Rf5+ Kg6 54. Rg5+ Kf6 55. Kxh4 Rh1+ 56. Kg4 Rg1+ 57. Kf3 Rxg5 58. fxg5+ Kxg5
59. Ke4 a4 1/2-1/2

[Event "BL 1314 Werder Bremen - SF Katernberg"]
[Site "?"]
[Date "2014.02.22"]
[Round "9.4"]
[White "Edouard, Romain"]
[Black "Firman, Nazar"]
[Result "1-0"]
[WhiteElo "2661"]
[BlackElo "2530"]
[PlyCount "133"]
[EventDate "2014.??.??"]

1. e4 e6 2. d4 d5 3. Nc3 Nc6 4. e5 f6 5. Bb5 Bd7 6. Nf3 Qe7 7. Bf4 O-O-O 8. Qd2
Qf7 9. h4 h5 10. a3 Nh6 11. O-O-O Ng4 12. Bg3 a6 13. Bxc6 Bxc6 14. Rhe1 Re8 15.
Kb1 Be7 16. Rc1 Rhf8 17. Nd1 Bd8 18. Ne3 Qg6 19. Bf4 fxe5 20. Bxe5 Rxf3 21.
gxf3 Nxe5 22. dxe5 Bxh4 23. f4 Qh6 24. f5 Qf4 25. Rcd1 Bxf2 26. Rf1 Bxe3 27.
Rxf4 Bxd2 28. Rxd2 exf5 29. Rxf5 g6 30. Rg5 Re6 31. Rf2 Be8 32. Kc1 Kd7 33. Kd2
Ke7 34. Ke3 Rc6 35. b3 Rc3+ 36. Kd4 Rh3 37. Kxd5 Rh4 38. Rd2 Bf7+ 39. Kc5 Re4
40. a4 Ke6 41. Rf2 Ke7 42. a5 Be8 43. Rf3 Bf7 44. c4 Be8 45. Kb4 Re1 46. Kc3
Ra1 47. Kb4 Re1 48. Rd3 Rh1 49. Re3 Rf1 50. Kc3 Rf4 51. e6 Rf6 52. Rc5 Bc6 53.
b4 Rxe6 54. Rxe6+ Kxe6 55. b5 Bf3 56. Rxc7 h4 57. Rh7 Bh5 58. Rxb7 h3 59. bxa6
h2 60. a7 h1=Q 61. a8=Q Qe1+ 62. Kb2 Qd2+ 63. Ka3 Qd6+ 64. Ka2 Bf3 65. Qe8+ Kf5
66. Rf7+ Kg4 67. Qd7+ 1-0

[Event "BL 1314 Werder Bremen - SF Katernberg"]
[Site "?"]
[Date "2014.02.22"]
[Round "9.5"]
[White "Siebrecht, Sebastian"]
[Black "Nyback, Tomi"]
[Result "0-1"]
[WhiteElo "2502"]
[BlackElo "2589"]
[PlyCount "100"]
[EventDate "2014.??.??"]

1. d4 Nf6 2. c4 g6 3. Nc3 d5 4. e3 Bg7 5. cxd5 Nxd5 6. Nxd5 Qxd5 7. Ne2 O-O 8.
Nc3 Qd6 9. Be2 c6 10. O-O Nd7 11. Ne4 Qc7 12. Bd2 Nf6 13. Nxf6+ Bxf6 14. Qc2
Rd8 15. Bf3 Bf5 16. e4 Be6 17. d5 Bd7 18. Rac1 Qb6 19. Be3 Qa6 20. Bf4 cxd5 21.
e5 Bg7 22. Bxd5 Be6 23. Bc4 Bxc4 24. Qxc4 Qxc4 25. Rxc4 Rac8 26. Rxc8 Rxc8 27.
Rd1 Kf8 28. g3 Ke8 29. Rd3 Rc5 30. b4 Rb5 31. a3 e6 32. Be3 a5 33. bxa5 Bxe5
34. Bb6 Rd5 35. Rxd5 exd5 36. Kf1 Kd7 37. Ke2 Kc6 38. a4 Bc7 39. Bd4 Bxa5 40.
f3 Bb6 41. Bc3 Bc7 42. Kd3 h5 43. f4 h4 44. Bd2 h3 45. Be1 Bb6 46. Ke2 Bg1 47.
Kf1 Bxh2 48. Bf2 d4 49. Ke2 Kd5 50. Kd3 b6 0-1

[Event "BL 1314 Werder Bremen - SF Katernberg"]
[Site "?"]
[Date "2014.02.22"]
[Round "9.6"]
[White "Babula, Vlastimil"]
[Black "Zaragatski, Ilja"]
[Result "1/2-1/2"]
[WhiteElo "2585"]
[BlackElo "2478"]
[PlyCount "94"]
[EventDate "2014.??.??"]

1. d4 Nf6 2. c4 c5 3. d5 e6 4. Nc3 exd5 5. cxd5 Bd6 6. Nf3 Bc7 7. Bg5 d6 8. Nd2
O-O 9. e3 a6 10. a4 Nbd7 11. Be2 Re8 12. O-O Rb8 13. Qc2 h6 14. Bh4 Qe7 15.
Rfe1 Ne5 16. a5 Ng6 17. Bg3 Bd7 18. e4 Qd8 19. Qb3 Bg4 20. Bxg4 Nxg4 21. h3
N4e5 22. Qa2 h5 23. Re3 Qg5 24. Ne2 Re7 25. f4 Qh6 26. Qb3 Nd7 27. Nc4 h4 28.
Bh2 b5 29. axb6 Nxb6 30. Nxb6 c4 31. Qb4 a5 32. Rxa5 Bxb6 33. Kh1 Ba7 34. Qxd6
Rxb2 35. Rf3 Rxe2 36. Rxa7 R7xe4 37. f5 Re1+ 38. Bg1 Qc1 39. Ra8+ Kh7 40. fxg6+
fxg6 41. Qc5 Rxg1+ 42. Qxg1 Re1 43. Qxe1 Qxe1+ 44. Kh2 Qe5+ 45. Kh1 Qe1+ 46.
Kh2 Qe5+ 47. Kh1 Qe1+ 1/2-1/2

[Event "BL 1314 Werder Bremen - SF Katernberg"]
[Site "?"]
[Date "2014.02.22"]
[Round "9.7"]
[White "Ris, Robert"]
[Black "Bluebaum, Matthias"]
[Result "1/2-1/2"]
[WhiteElo "2414"]
[BlackElo "2517"]
[PlyCount "73"]
[EventDate "2014.??.??"]

1. d4 d5 2. c4 c6 3. Nf3 Nf6 4. g3 Bf5 5. Bg2 e6 6. O-O Nbd7 7. Nc3 h6 8. Nd2
Be7 9. e4 dxe4 10. Ndxe4 Nxe4 11. Nxe4 O-O 12. Be3 Nf6 13. Nc3 Qa5 14. a3 Rad8
15. h3 e5 16. d5 Qa6 17. Re1 cxd5 18. cxd5 Rd7 19. Bf1 Qa5 20. b4 Qc7 21. Qb3
a6 22. Rac1 Qb8 23. Bg2 b5 24. Bc5 Bd3 25. Rcd1 Bc4 26. Qb1 Rc8 27. d6 Bxd6 28.
Ne4 Nxe4 29. Qxe4 Be6 30. Rxd6 Rxd6 31. Bxd6 Qxd6 32. Qxe5 Qxe5 33. Rxe5 Rc1+
34. Kh2 Rc2 35. Kg1 Rc1+ 36. Kh2 Rc2 37. Kg1 1/2-1/2

[Event "BL 1314 Werder Bremen - SF Katernberg"]
[Site "?"]
[Date "2014.02.22"]
[Round "9.8"]
[White "Fish, Gennadij"]
[Black "Scholz, Christian"]
[Result "1-0"]
[WhiteElo "2458"]
[BlackElo "2358"]
[PlyCount "63"]
[EventDate "2014.??.??"]

1. d4 Nf6 2. c4 g6 3. Nc3 Bg7 4. e4 d6 5. Nf3 O-O 6. Be2 e5 7. O-O Nc6 8. Be3
Ng4 9. Bg5 f6 10. Bc1 Qe8 11. h3 Nh6 12. dxe5 dxe5 13. Nd5 Qd8 14. b4 Nf7 15.
b5 Nd4 16. Nxd4 exd4 17. Ba3 Re8 18. Qxd4 f5 19. Qc5 Bf8 20. Qxf8+ Rxf8 21. Be7
Qe8 22. Nf6+ Kg7 23. Nxe8+ Rxe8 24. Ba3 Rxe4 25. Rfe1 c6 26. Bf3 Rxe1+ 27. Rxe1
Bd7 28. Re7 Rd8 29. Bb2+ Kg8 30. Bf6 cxb5 31. cxb5 Bxb5 32. Rxb7 1-0

[Event "BL 1314 SV Mülheim Nord - SV Griesheim"]
[Site "?"]
[Date "2014.02.23"]
[Round "10.1"]
[White "Piorun, Kacper"]
[Black "Landa, Konstantin"]
[Result "1/2-1/2"]
[WhiteElo "2573"]
[BlackElo "2637"]
[PlyCount "111"]
[EventDate "2014.??.??"]

1. e4 c5 2. Nc3 e6 3. Nge2 Nc6 4. d4 cxd4 5. Nxd4 Qc7 6. Be2 Nf6 7. O-O Be7 8.
Be3 O-O 9. f4 d6 10. Ndb5 Qb8 11. a4 b6 12. Qe1 Nb4 13. Rc1 Bb7 14. Bf3 d5 15.
e5 Ne4 16. Bxe4 dxe4 17. Qg3 f5 18. Rfd1 Rd8 19. Rxd8+ Qxd8 20. Rd1 Qc8 21. Qf2
Ba6 22. Nd6 Qc6 23. Rd4 Bxd6 24. Rxd6 Qe8 25. Qd2 Rc8 26. Rd4 Nc6 27. Rd7 Nb4
28. Rxa7 Rd8 29. Qf2 Qxa4 30. h3 Qc6 31. Bxb6 Rb8 32. Be3 Bb7 33. Ra5 Ba6 34.
Kh2 h6 35. Qd2 Kh7 36. Rc5 Qe8 37. Rc7 Rd8 38. Qf2 Rc8 39. Rxc8 Qxc8 40. Qd2
Qc4 41. b3 Qc6 42. Kg1 Bc8 43. Kf2 Bd7 44. Ke1 Be8 45. Kd1 Qa6 46. Qe2 Qa5 47.
Qc4 Nd5 48. Nxd5 Bh5+ 49. Kc1 Qa1+ 50. Kd2 exd5 51. Qc5 Qf1 52. b4 Qd1+ 53. Kc3
Qa1+ 54. Kd2 Qd1+ 55. Kc3 Qa1+ 56. Kd2 1/2-1/2

[Event "BL 1314 SV Mülheim Nord - SV Griesheim"]
[Site "?"]
[Date "2014.02.23"]
[Round "10.2"]
[White "Fridman, Daniel"]
[Black "Tazbir, Marcin"]
[Result "1/2-1/2"]
[WhiteElo "2607"]
[BlackElo "2537"]
[PlyCount "126"]
[EventDate "2014.??.??"]

1. g3 f5 2. d4 Nf6 3. Bg2 g6 4. Nf3 Bg7 5. O-O O-O 6. b3 c6 7. Bb2 d6 8. Nbd2
Nbd7 9. Nc4 Ne4 10. e3 Ndf6 11. Nfd2 Kh8 12. f3 Nxd2 13. Qxd2 Be6 14. Qe2 d5
15. Ne5 Nd7 16. Nd3 Nf6 17. c4 dxc4 18. Nc5 Bg8 19. Nxb7 Qc7 20. Nc5 cxb3 21.
axb3 a5 22. Ra3 Nd7 23. Rfa1 Nxc5 24. dxc5 Rab8 25. f4 Rb5 26. Qd2 Rd8 27.
Bxg7+ Kxg7 28. Qc3+ Kh6 29. h3 e5 30. Kh2 Qe7 31. Rc1 Bd5 32. Qxe5 Qxe5 33.
fxe5 Bxg2 34. Kxg2 Re8 35. Rca1 Rxe5 36. Rxa5 Rxb3 37. R1a3 Rxa3 38. Rxa3 Rxc5
39. Ra7 g5 40. Kf3 Kg6 41. Re7 Rc4 42. Re6+ Kf7 43. Rh6 Kg7 44. Rd6 g4+ 45.
hxg4 fxg4+ 46. Kf2 h5 47. e4 Rc3 48. Kg2 Rc2+ 49. Kf1 Rc3 50. Kg2 c5 51. Rc6 c4
52. e5 Kf7 53. e6+ Ke7 54. Kh2 Rc2+ 55. Kg1 c3 56. Kh1 Rd2 57. Rxc3 Kxe6 58.
Rc8 Ke5 59. Rh8 Ke4 60. Rxh5 Kf3 61. Rf5+ Kxg3 62. Rf1 Rf2 63. Ra1 Rb2 1/2-1/2

[Event "BL 1314 SV Mülheim Nord - SV Griesheim"]
[Site "?"]
[Date "2014.02.23"]
[Round "10.3"]
[White "Bulski, Krzysztof"]
[Black "Berelowitsch, Alexander"]
[Result "1/2-1/2"]
[WhiteElo "2545"]
[BlackElo "2547"]
[PlyCount "56"]
[EventDate "2014.??.??"]

1. e4 e6 2. d4 d5 3. Nd2 c5 4. exd5 exd5 5. Ngf3 Nf6 6. Bb5+ Bd7 7. Bxd7+ Nbxd7
8. O-O Be7 9. dxc5 Nxc5 10. Nd4 Qd7 11. Qf3 O-O 12. Nf5 Bd8 13. Nb3 Nce4 14.
Be3 Rc8 15. c3 Re8 16. Rfe1 a5 17. Nbd4 h5 18. Ng3 g6 19. Qe2 Nd6 20. Qf3 h4
21. Nf1 Nc4 22. Bg5 Ne4 23. Bxd8 Rcxd8 24. Re2 Re7 25. Qf4 h3 26. g3 Rde8 27.
Rae1 Ne5 28. Rd1 b5 1/2-1/2

[Event "BL 1314 SV Mülheim Nord - SV Griesheim"]
[Site "?"]
[Date "2014.02.23"]
[Round "10.4"]
[White "Hausrath, Daniel"]
[Black "Grabarczyk, Miroslaw"]
[Result "1/2-1/2"]
[WhiteElo "2518"]
[BlackElo "2473"]
[PlyCount "105"]
[EventDate "2014.??.??"]

1. Nf3 d5 2. g3 Nf6 3. Bg2 c6 4. O-O Bg4 5. d4 e6 6. Nbd2 Nbd7 7. Re1 Be7 8. e4
O-O 9. c3 c5 10. exd5 Nxd5 11. Nf1 cxd4 12. Qxd4 Bh5 13. Ne3 Bc5 14. Qa4 Nxe3
15. Bxe3 Bxe3 16. Rxe3 Qc7 17. Qb5 Nf6 18. Nd4 Rad8 19. Re5 a6 20. Qc5 Qxc5 21.
Rxc5 Rd7 22. h3 Rfd8 23. a4 Bg6 24. Re1 b6 25. Rce5 Kf8 26. a5 bxa5 27. Rxa5
Rd6 28. Rea1 Rb6 29. Rxa6 Rxb2 30. Nc6 Re8 31. Ne5 Be4 32. Ra7 Bxg2 33. Kxg2
Kg8 34. R1a4 Rf8 35. Ra8 Rbb8 36. Rxb8 Rxb8 37. Ra7 Ne4 38. Nc6 Re8 39. c4 Kf8
40. Ne5 f6 41. Nd7+ Kg8 42. f3 Nd6 43. c5 Nb5 44. Rb7 Nd4 45. Nb6 e5 46. Kf2 e4
47. fxe4 Rxe4 48. Nc4 Re2+ 49. Kf1 Rc2 50. Nd6 h5 51. Rc7 Nf3 52. Nf5 Rd2 53.
Rxg7+ 1/2-1/2

[Event "BL 1314 SV Mülheim Nord - SV Griesheim"]
[Site "?"]
[Date "2014.02.23"]
[Round "10.5"]
[White "Murdzia, Piotr"]
[Black "Feygin, Michael"]
[Result "0-1"]
[WhiteElo "2437"]
[BlackElo "2496"]
[PlyCount "108"]
[EventDate "2014.??.??"]

1. d4 e6 2. c4 Nf6 3. Nc3 d5 4. cxd5 exd5 5. Bg5 Be7 6. e3 c6 7. Qc2 Nbd7 8.
Bd3 h6 9. Bh4 Nh5 10. Bxe7 Qxe7 11. Nge2 Nb6 12. O-O O-O 13. Rae1 Bd7 14. Qc1
Rae8 15. h3 Qh4 16. Kh2 Nc8 17. Ng1 Qf6 18. g4 Qd6+ 19. Kg2 Nf6 20. f3 Nh7 21.
Qc2 f5 22. gxf5 Qf6 23. e4 Qxd4 24. exd5 Nd6 25. dxc6 Bxc6 26. Be4 Bxe4 27.
fxe4 Ng5 28. Nge2 Qc5 29. Ng3 Kh8 30. Qf2 Qc6 31. Qd4 Nc4 32. Nd5 Ne5 33. Rc1
Qa6 34. Nc7 Qxa2 35. Nxe8 Rxe8 36. Rc7 Qa6 37. h4 Nh7 38. Rfc1 b6 39. R1c3 Nf6
40. Ra3 Qb5 41. Rc2 Nfg4 42. b4 a5 43. bxa5 bxa5 44. Rc5 Qb1 45. Raxa5 Rb8 46.
Rxe5 Qc2+ 47. Kf3 Nh2+ 48. Kf4 Qg2 49. Ra3 Qh3 50. Qg1 Qg4+ 51. Ke3 Qf3+ 52.
Kd4 Qxa3 53. Re8+ Rxe8 54. Qxh2 Rd8+ 0-1

[Event "BL 1314 SV Mülheim Nord - SV Griesheim"]
[Site "?"]
[Date "2014.02.23"]
[Round "10.6"]
[White "Levin, Felix"]
[Black "Farago, Ivan"]
[Result "1/2-1/2"]
[WhiteElo "2489"]
[BlackElo "2474"]
[PlyCount "50"]
[EventDate "2014.??.??"]

1. d4 Nf6 2. c4 e6 3. Nc3 Bb4 4. Qc2 O-O 5. Nf3 c5 6. dxc5 Na6 7. g3 Nxc5 8.
Bg2 d6 9. O-O Bd7 10. a3 Bxc3 11. Qxc3 Rc8 12. b4 Nce4 13. Qd3 Qc7 14. Ng5 d5
15. cxd5 exd5 16. Nh3 Qe5 17. Be3 Nc3 18. Nf4 Bb5 19. Qd2 Nfe4 20. Bxe4 Qxe4
21. Rfc1 d4 22. Qxd4 Qxf4 23. Rxc3 Qxd4 24. Bxd4 Rxc3 25. Bxc3 Bxe2 1/2-1/2

[Event "BL 1314 SV Mülheim Nord - SV Griesheim"]
[Site "?"]
[Date "2014.02.23"]
[Round "10.7"]
[White "Grabarczyk, Bogdan"]
[Black "Saltaev, Mihail"]
[Result "1/2-1/2"]
[WhiteElo "2401"]
[BlackElo "2493"]
[PlyCount "75"]
[EventDate "2014.??.??"]

1. e4 c6 2. Nc3 d5 3. Nf3 Bg4 4. h3 Bxf3 5. Qxf3 e6 6. g3 g6 7. Bg2 Bg7 8. d3
Qb6 9. O-O Ne7 10. Qe2 O-O 11. Kh1 Nd7 12. f4 Rfe8 13. Nd1 Rad8 14. Ne3 Qc7 15.
Qf2 d4 16. Nc4 b5 17. Nd2 Nb6 18. Nf3 c5 19. h4 c4 20. h5 gxh5 21. Qg1 Qc5 22.
Qh2 Nd7 23. e5 cxd3 24. cxd3 Nf5 25. Nh4 Ne3 26. Bxe3 dxe3 27. Rac1 Qd4 28. Be4
f5 29. Nf3 Qb4 30. Bc6 Re7 31. a3 Qa5 32. Qh4 Bf8 33. Rfe1 Nb8 34. Ba8 Nd7 35.
Bc6 Qb6 36. d4 Nb8 37. Bxb5 Qxb5 38. Qg5+ 1/2-1/2

[Event "BL 1314 SV Mülheim Nord - SV Griesheim"]
[Site "?"]
[Date "2014.02.23"]
[Round "10.8"]
[White "Zwirs, Nico"]
[Black "Walter, Stefan"]
[Result "1/2-1/2"]
[WhiteElo "2288"]
[BlackElo "2369"]
[PlyCount "54"]
[EventDate "2014.??.??"]

1. e4 e5 2. Nf3 Nc6 3. Bc4 Nf6 4. d3 Be7 5. O-O d6 6. a4 O-O 7. h3 Be6 8. Nbd2
Qd7 9. a5 a6 10. Re1 Rfe8 11. c3 Bf8 12. Bb3 Bxb3 13. Qxb3 d5 14. Nf1 h6 15.
Ng3 dxe4 16. dxe4 Qe6 17. Qxe6 Rxe6 18. Be3 Rd8 19. Nd2 Bc5 20. Bxc5 Rxd2 21.
b4 Re8 22. Be3 Rd3 23. Rac1 h5 24. Bg5 Nh7 25. Be3 Nf6 26. Bg5 Nh7 27. Be3 Nf6
1/2-1/2

[Event "BL 1314 SV Wattenscheid - SC Viernheim"]
[Site "?"]
[Date "2014.02.23"]
[Round "10.1"]
[White "Maze, Sebastien"]
[Black "Najer, Evgeniy"]
[Result "1/2-1/2"]
[WhiteElo "2536"]
[BlackElo "2646"]
[PlyCount "90"]
[EventDate "2014.??.??"]

1. e4 c6 2. Nc3 d5 3. Nf3 Bg4 4. h3 Bxf3 5. Qxf3 e6 6. d4 Nf6 7. Bd3 dxe4 8.
Nxe4 Qxd4 9. c3 Qd8 10. Nxf6+ Qxf6 11. Qg3 Nd7 12. O-O Be7 13. Qc7 Nc5 14. Bc2
O-O 15. Be3 e5 16. Rad1 Rac8 17. Qa5 b6 18. Qa3 Rc7 19. b3 Qh4 20. Qc1 Ne4 21.
Bxe4 Qxe4 22. f4 Ba3 23. Qd2 Re7 24. f5 f6 25. Qd3 Qxd3 26. Rxd3 Bb2 27. Rfd1
Kf7 28. Rd6 Rc8 29. c4 c5 30. Rd8 Rxd8 31. Rxd8 g6 32. g4 Re8 33. Rxe8 Kxe8 34.
Kg2 Bd4 35. Bd2 e4 36. Bf4 Kd7 37. Kf1 a6 38. a4 gxf5 39. gxf5 Kc6 40. Ke2 b5
41. axb5+ axb5 42. Bd2 Kb6 43. Be1 Kc6 44. Bg3 bxc4 45. bxc4 Kd7 1/2-1/2

[Event "BL 1314 SV Wattenscheid - SC Viernheim"]
[Site "?"]
[Date "2014.02.23"]
[Round "10.2"]
[White "Bartel, Mateusz"]
[Black "Abergel, Thal"]
[Result "1/2-1/2"]
[WhiteElo "2651"]
[BlackElo "2416"]
[PlyCount "143"]
[EventDate "2014.??.??"]

1. e4 e5 2. Nf3 d6 3. d4 exd4 4. Nxd4 Nf6 5. Nc3 Be7 6. Be2 Nc6 7. Nxc6 bxc6 8.
O-O Rb8 9. b3 O-O 10. Be3 c5 11. f3 Re8 12. Qd2 Bf8 13. Rad1 Bb7 14. Bc4 Nd7
15. Qf2 Nb6 16. Bxc5 Nxc4 17. bxc4 Ba6 18. Bxa7 Rb4 19. Rfe1 Rxc4 20. Nd5 Bb7
21. Ne3 Ra4 22. Bd4 Rxa2 23. Ra1 Rxa1 24. Rxa1 f6 25. c4 Bc8 26. Ra8 c6 27. Nf5
Qc7 28. c5 dxc5 29. Bxc5 Qf7 30. Bxf8 Qxf8 31. Ne3 Be6 32. Rxe8 Qxe8 33. Qc2
Qd7 34. Qc5 Bf7 35. h4 h5 36. Nf5 Qd1+ 37. Kh2 g6 38. Nh6+ Kg7 39. Nxf7 Kxf7
40. Qxc6 Qa1 41. Qd7+ Kg8 42. Qd2 Qe5+ 43. g3 Qa1 44. Kg2 Kg7 45. f4 Qb1 46.
Qd7+ Kf8 47. Qd6+ Kf7 48. Qd5+ Kf8 49. Qc5+ Kf7 50. Qc4+ Kg7 51. Qe2 Qb7 52.
Kh2 Qb1 53. e5 fxe5 54. fxe5 Qf5 55. Kg2 Kf7 56. Qc4+ Qe6 57. Qc7+ Ke8 58. Kf2
g5 59. hxg5 Qf5+ 60. Kg1 Qxg5 61. Qc6+ Kf7 62. Qc4+ Ke7 63. Qf4 Qg6 64. Kg2 Qg4
65. Kf2 Qg6 66. Qb4+ Kd7 67. Qb7+ Kd8 68. Qf3 Qc2+ 69. Ke3 Qb3+ 70. Kf2 Qc2+
71. Kg1 Qc5+ 72. Kg2 1/2-1/2

[Event "BL 1314 SV Wattenscheid - SC Viernheim"]
[Site "?"]
[Date "2014.02.23"]
[Round "10.4"]
[White "Dragun, Kamil"]
[Black "Meinhardt, Maximilian"]
[Result "1-0"]
[WhiteElo "2517"]
[BlackElo "2400"]
[PlyCount "109"]
[EventDate "2014.??.??"]

1. d4 e6 2. c4 d5 3. Nf3 c5 4. cxd5 exd5 5. g3 Nc6 6. Bg2 Nf6 7. O-O Be7 8. Be3
c4 9. b3 Na5 10. Ne5 O-O 11. bxc4 dxc4 12. Qa4 Be6 13. Bd2 Nc6 14. Bxc6 bxc6
15. Nxc6 Qd7 16. Nc3 Ba3 17. Qxa3 Qxc6 18. f3 Rfd8 19. Be3 Nd5 20. Bf2 f5 21.
Rfe1 Nxc3 22. Qxc3 Bd5 23. Qc2 Qg6 24. Rab1 Re8 25. Rb5 Rad8 26. Qd2 a6 27. Rc5
Rd6 28. Qa5 Red8 29. Be3 Bb7 30. Qb4 Rb6 31. Qxc4+ Qe6 32. Qxe6+ Rxe6 33. Kf2
Rd5 34. Rc7 Rb5 35. Rec1 Rb2 36. R1c2 Rxc2 37. Rxc2 Bd5 38. Rc5 Bxa2 39. Rxf5
Rc6 40. Bd2 Rc2 41. Ke1 Be6 42. Ra5 Ra2 43. Rxa2 Bxa2 44. e4 h5 45. Ke2 Kf7 46.
d5 g6 47. Kd3 Bb3 48. Kd4 Bd1 49. f4 Bf3 50. e5 Bg4 51. Kc5 Ke7 52. Kc6 Bf3 53.
Bb4+ Ke8 54. Kd6 Bg2 55. e6 1-0

[Event "BL 1314 SV Wattenscheid - SC Viernheim"]
[Site "?"]
[Date "2014.02.23"]
[Round "10.5"]
[White "Mandel, Andreas"]
[Black "Rustemov, Alexander"]
[Result "0-1"]
[WhiteElo "2402"]
[BlackElo "2525"]
[PlyCount "110"]
[EventDate "2014.??.??"]

1. d4 f5 2. g3 Nf6 3. Bg2 g6 4. Nf3 Bg7 5. O-O d6 6. c4 O-O 7. Nc3 Nc6 8. b3
Ne4 9. Bb2 Nxc3 10. Bxc3 e5 11. dxe5 dxe5 12. Qd5+ Kh8 13. Qxd8 Rxd8 14. Ng5
Re8 15. Bxc6 bxc6 16. Rad1 h6 17. Nf7+ Kg8 18. Nd8 f4 19. Nxc6 Bh3 20. Rfe1 g5
21. f3 Re6 22. Nb4 a5 23. Nd5 Ra7 24. e3 fxg3 25. hxg3 c6 26. Kh2 g4 27. Nb6
Rf7 28. f4 exf4 29. exf4 Rxe1 30. Bxe1 Re7 31. Nd7 Re2+ 32. Kg1 Rg2+ 33. Kh1
Rxa2 34. Bd2 h5 35. Ne5 Kh7 36. Bc3 Rc2 37. Bxa5 h4 38. Rd2 Rc1+ 39. Kh2 Rb1
40. gxh4 Rxb3 41. Bd8 Bxe5 42. fxe5 Bf1 43. Kg1 Bxc4 44. Bg5 g3 45. Rc2 Bd5 46.
e6 Rb4 47. Rc3 Rb1+ 48. Rc1 Rb2 49. e7 Re2 50. Bf4 g2 51. h5 Rxe7 52. h6 Re4
53. Bd2 Re2 54. Bf4 Kg6 55. Kh2 Rf2 0-1

[Event "BL 1314 SV Wattenscheid - SC Viernheim"]
[Site "?"]
[Date "2014.02.23"]
[Round "10.6"]
[White "Appel, Ralf"]
[Black "Carbonnel, Pierre"]
[Result "1-0"]
[WhiteElo "2527"]
[BlackElo "2206"]
[PlyCount "45"]
[EventDate "2014.??.??"]

1. Nf3 Nf6 2. d4 g6 3. Bf4 c5 4. c3 Qb6 5. Qb3 Nc6 6. e3 Bg7 7. Nbd2 Qxb3 8.
axb3 cxd4 9. exd4 d6 10. b4 Bg4 11. Be2 O-O 12. b5 Nb8 13. h3 Bc8 14. O-O Nd5
15. Bh2 a5 16. Bc4 Nc7 17. Rfe1 e5 18. dxe5 d5 19. b6 dxc4 20. bxc7 Na6 21. e6
Bxe6 22. Ng5 Bh6 23. Nxe6 1-0

[Event "BL 1314 SV Wattenscheid - SC Viernheim"]
[Site "?"]
[Date "2014.02.23"]
[Round "10.7"]
[White "Jacob, Volker"]
[Black "Handke, Florian"]
[Result "0-1"]
[WhiteElo "2279"]
[BlackElo "2543"]
[PlyCount "86"]
[EventDate "2014.??.??"]

1. d4 Nf6 2. c4 g6 3. Nc3 d5 4. Nf3 Bg7 5. Qb3 dxc4 6. Qxc4 O-O 7. e4 a6 8. e5
b5 9. Qb3 Nfd7 10. Be3 c5 11. dxc5 e6 12. Be2 Qc7 13. a4 b4 14. Qxb4 Nc6 15.
Qh4 Rb8 16. Ng5 h6 17. Nge4 Rb4 18. Bxh6 Qxe5 19. O-O Nd4 20. Bf3 f5 21. Bf4
Qxf4 22. Qxf4 fxe4 23. Qxf8+ Kxf8 24. Nxe4 Bb7 25. Ng5 Nxf3+ 26. Nxf3 Bxb2 27.
Rad1 Nxc5 28. Rd8+ Ke7 29. Rfd1 Rxa4 30. Rb8 a5 31. h4 Ra1 32. Rxa1 Bxa1 33.
Nd2 Be5 34. Rg8 Kf7 35. Rd8 Ke7 36. Rg8 Bd5 37. Rc8 Kd6 38. g4 a4 39. Nb1 Bb2
40. h5 gxh5 41. gxh5 a3 42. Nxa3 Bxa3 43. h6 Be4 0-1

[Event "BL 1314 SV Wattenscheid - SC Viernheim"]
[Site "?"]
[Date "2014.02.23"]
[Round "10.8"]
[White "Hirneise, Tobias"]
[Black "Spiegel, Stefan"]
[Result "1-0"]
[WhiteElo "2450"]
[BlackElo "2231"]
[PlyCount "111"]
[EventDate "2014.??.??"]

1. d4 Nf6 2. c4 e6 3. Nf3 Bb4+ 4. Bd2 Bxd2+ 5. Qxd2 d6 6. Nc3 O-O 7. g3 Nbd7 8.
Bg2 Re8 9. O-O c6 10. e4 e5 11. Rad1 Qc7 12. Nh4 Nf8 13. h3 Be6 14. b3 Rad8 15.
f4 Bc8 16. Kh2 Ng6 17. Nxg6 fxg6 18. Qf2 a6 19. Rd2 Rf8 20. Qe3 Rde8 21. fxe5
dxe5 22. d5 cxd5 23. exd5 e4 24. d6 Qd7 25. Na4 Qc6 26. Nb6 Bf5 27. g4 Bxg4 28.
Rxf6 Rxf6 29. hxg4 Rxd6 30. Nd5 Rde6 31. Qg3 Re5 32. Rf2 h5 33. Qf4 Qd7 34. Re2
Qd8 35. Kg1 Rg5 36. gxh5 gxh5 37. Rxe4 Rf8 38. Qe3 Kh8 39. Re7 Rgf5 40. Qg3
R8f7 41. Rxf7 Rxf7 42. Qg6 Qf8 43. Qxh5+ Kg8 44. Qe5 Qd8 45. Qe6 Kf8 46. c5 Kg8
47. b4 Kf8 48. a3 Kg8 49. a4 g5 50. Be4 Kg7 51. Qe5+ Kg8 52. Bf5 Rg7 53. Kg2 g4
54. b5 axb5 55. axb5 Kh8 56. Qh2+ 1-0

[Event "BL 1314 OSG Baden Baden - SG Turm Trier"]
[Site "?"]
[Date "2014.02.23"]
[Round "10.1"]
[White "Bobras, Piotr"]
[Black "Anand, Viswanathan"]
[Result "1/2-1/2"]
[WhiteElo "2515"]
[BlackElo "2773"]
[PlyCount "45"]
[EventDate "2014.??.??"]

1. e4 c5 2. Nf3 e6 3. d4 cxd4 4. Nxd4 a6 5. Bd3 Bc5 6. Nb3 Ba7 7. Qe2 d6 8. Be3
Nc6 9. Bxa7 Rxa7 10. Qe3 Nf6 11. O-O O-O 12. c4 e5 13. Nc3 Be6 14. Rfd1 Ra8 15.
Be2 Rc8 16. Rd2 Qc7 17. Rad1 Rfd8 18. Nd5 Bxd5 19. cxd5 Ne7 20. Rc1 Qd7 21.
Rdc2 Rxc2 22. Rxc2 Rc8 23. Rxc8+ 1/2-1/2

[Event "BL 1314 OSG Baden Baden - SG Turm Trier"]
[Site "?"]
[Date "2014.02.23"]
[Round "10.2"]
[White "Bacrot, Etienne"]
[Black "Gordon, Stephen J"]
[Result "1-0"]
[WhiteElo "2738"]
[BlackElo "2504"]
[PlyCount "61"]
[EventDate "2014.??.??"]

1. d4 d5 2. Nf3 Nf6 3. c4 c6 4. Nc3 e6 5. Bg5 Nbd7 6. e3 Qa5 7. cxd5 Nxd5 8.
Qd2 Bb4 9. Rc1 h6 10. Bh4 Nxc3 11. bxc3 Ba3 12. Rb1 O-O 13. Bd3 b6 14. O-O Ba6
15. Rfd1 Rfe8 16. Bxa6 Qxa6 17. Qc2 Be7 18. Bg3 c5 19. d5 exd5 20. c4 d4 21.
exd4 Bf6 22. d5 Re7 23. Bd6 Ree8 24. Bc7 Qb7 25. Bg3 Ne5 26. Nd2 Qd7 27. Ne4
Ng6 28. Nxf6+ gxf6 29. h4 f5 30. h5 f4 31. Rb3 1-0